Trasmissione elettrica del lavoro meccanico (Record no. 187353)

MARC details
000 -LEADER
campo de control de longitud fija 00767nam a2200193 i 4500
001 - NÚMERO DE CONTROL
campo de control 187353
003 - IDENTIFICADOR DE NÚMERO DE CONTROL
campo de control ES-MaACL
005 - FECHA Y HORA DE LA ÚLTIMA TRANSACCIÓN
campo de control 20230906222907.0
008 - DATOS DE LONGITUD FIJA--INFORMACIÓN GENERAL
campo de control de longitud fija 170614s1894 it a |||| | ita d
080 ## - NÚMERO DE LA CLASIFICACIÓN DECIMAL UNIVERSAL
Número de la Clasificación Decimal Universal 621.311
100 1# - ENTRADA PRINCIPAL--NOMBRE DE PERSONA
Nombre de persona Sartori, Giuseppe.
9 (RLIN) 103885
245 10 - MENCIÓN DEL TÍTULO
Título Trasmissione elettrica del lavoro meccanico
Resto del título : con una descrizione dei principali impianti esistenti ed un appendice sulla scelta del sistema di trasmissione /
Mención de responsabilidad, etc. Giuseppe Sartori.
260 ## - PUBLICACIÓN, DISTRIBUCIÓN, ETC.
Lugar de publicación, distribución, etc. Milano :
Nombre del editor, distribuidor, etc. Ulrico Hoepli,
Fecha de publicación, distribución, etc. 1894.
300 ## - DESCRIPCIÓN FÍSICA
Extensión XV, 411 p. :
Otras características físicas il. ;
Dimensiones 23 cm.
500 ## - NOTA GENERAL
Nota general Índice.
599 ## - NOTA A LAS ILUSTRACIONES
NOTA A LAS ILUSTRACIONES Con 163 incisioni.
650 04 - PUNTO DE ACCESO ADICIONAL DE MATERIA--TÉRMINO DE MATERIA
Término de materia o nombre geográfico como elemento de entrada Redes de energía eléctrica.
9 (RLIN) 16710
852 ## - LOCALIZACIÓN
Ubicación ES-MaACL
Número de control de estantería L-31706
Nota libre - enc. hol.
-- . - Donat. herederos de la bibl. de Mª del Pilar Costa Palacín
Holdings
Estatus retirado Estado de pérdida Estado de daño No para préstamo Colección Biblioteca de origen Biblioteca actual Ubicación en estantería Fecha de adquisición Fuente de adquisición Total de préstamos Signatura topográfica completa Código de barras Visto por última vez Precio de reemplazo Tipo de ítem Koha
        Libros del s. XIX Biblioteca del Ateneo de Madrid Biblioteca del Ateneo de Madrid Depósito 2 14/06/2017     L-31706 1197730 23/02/2023 23/02/2023 Libro impreso antiguo